Konkurencia došla k domácnostiam

Liberalizácia v slovenskom plynárenstve v uplynulom období pokračovala, noví hráči zvonia pri dverách. Spotreba zemného plynu na Slovensku - minulosť, súčasnosť a predpokladaná budúcnosť.

Saved in:
Bibliographic Details
Main Author: Legéň, Marek
Format: Book Chapter
Language:Slovak
Subjects:
Tags: Add Tag
No Tags, Be the first to tag this record!

MARC

LEADER 00000naa a2200000 4500
001 0141676
005 20231113073316.3
041 0 |a slo 
044 |a SK 
245 1 0 |a Konkurencia došla k domácnostiam  |c Marek Legéň 
520 |a Liberalizácia v slovenskom plynárenstve v uplynulom období pokračovala, noví hráči zvonia pri dverách. Spotreba zemného plynu na Slovensku - minulosť, súčasnosť a predpokladaná budúcnosť. 
610 2 0 |a priemysel plynárenský 
610 2 0 |a plyn 
610 2 0 |a plyn zemný 
610 2 0 |a trh 
610 2 0 |a liberalizácia 
610 2 0 |a domácnosti 
610 2 0 |a ceny 
100 1 |a Legéň, Marek